| 000 | 01719nam a2200385Ia 4500 | ||
|---|---|---|---|
| 001 | ebr10618025 | ||
| 003 | CaPaEBR | ||
| 006 | m u | ||
| 007 | cr cn||||||||| | ||
| 008 | 120402s2012 waua sb s001 0deng d | ||
| 010 | _z 2012011201 | ||
| 020 | _z0295992093 (pbk. : alk. paper) | ||
| 020 | _z9780295804460 | ||
| 020 | _z9780295992099 (pbk. : alk. paper) | ||
| 040 |
_aCaPaEBR _cCaPaEBR |
||
| 035 | _a(OCoLC)815970810 | ||
| 050 | 1 | 4 |
_aD753.8 _b.T36 2012eb |
| 082 | 0 | 4 |
_a940.54/8173089956079561 _223 |
| 100 | 1 |
_aTamura, Linda, _d1949- |
|
| 245 | 1 | 0 |
_aNisei soldiers break their silence _h[electronic resource] : _bcoming home to Hood River / _cLinda Tamura. |
| 260 |
_aSeattle : _bUniversity of Washington Press, _cc2012. |
||
| 300 |
_axx, 346 p. : _bill. |
||
| 490 | 1 | _aThe Scott and Laurie Oki series in Asian American studies | |
| 504 | _aIncludes bibliographical references and index. | ||
| 533 |
_aElectronic reproduction. _bPalo Alto, Calif. : _cebrary, _d2011. _nAvailable via World Wide Web. _nAccess may be limited to ebrary affiliated libraries. |
||
| 650 | 0 |
_aWorld War, 1939-1945 _xParticipation, Japanese American. |
|
| 650 | 0 |
_aWorld War, 1939-1945 _xJapanese Americans. |
|
| 650 | 0 |
_aJapanese American soldiers _zOregon _zHood River _xHistory _y20th century. |
|
| 650 | 0 |
_aJapanese American soldiers _zOregon _zHood River _vBiography. |
|
| 651 | 0 |
_aHood River (Or.) _xEthnic relations _xHistory _y20th century. |
|
| 655 | 7 |
_aElectronic books. _2local |
|
| 710 | 2 | _aebrary, Inc. | |
| 830 | 0 | _aScott and Laurie Oki series in Asian American studies. | |
| 856 | 4 | 0 |
_uhttp://site.ebrary.com/lib/rucke/Doc?id=10618025 _zAn electronic book accessible through the World Wide Web; click to view |
| 999 |
_c54870 _d54870 |
||